Civil liberties; case studies and the law /

Bibliographic Details
Main Author: Parker, Donald
Other Authors: O'Neil, Robert M., Econopouly, Nicholas
Format: Book
Language:English
Published: Boston : Published for the Center by Houghton Mifflin, [1965]
Series:Tufts University. Lincoln Filene Center for Citizenship and Public Affairs. Publications in politics and government
Subjects:

MARC

Tag First Indicator Second Indicator Subfields
LEADER 00000cam a22000001 4500
001 in00000059570
005 20151008050504.0
008 731030s1965 mauac b 00010 eng
010 |a  65004077  
035 |a (OCoLC)00965342 
035 |9 AAG1345AM 
040 |a DLC  |c DLC  |d TXA  |d UtOrBLW 
043 |a n-us--- 
049 |a TXAM  |c [462567] 
050 0 0 |a KF4750  |b .P27 
092 |a 323.4  |b P238c 
100 1 |a Parker, Donald. 
245 1 0 |a Civil liberties; case studies and the law /  |c [by] Donald Parker, Robert M. O'Neil [and] Nicholas Econopouly. 
264 1 |a Boston :  |b Published for the Center by Houghton Mifflin,  |c [1965] 
300 |a xiii, 242 pages :  |b illustrations, portraits ;  |c 21 cm. 
336 |a text  |b txt  |2 rdacontent 
337 |a unmediated  |b n  |2 rdamedia 
338 |a volume  |b nc  |2 rdacarrier 
490 0 |a Tufts University. Lincoln Filene Center for Citizenship and Public Affairs. Publications in politics and government 
504 |a "For further reading": pages 209-218. 
650 0 |a Civil rights  |z United States. 
700 1 |a O'Neil, Robert M. 
700 1 |a Econopouly, Nicholas. 
999 |a MARS 
999 f f |s 642c1c56-71a8-3148-be28-16656ce5d077  |i e5bf90ae-e581-352a-a6c5-a511f3476abf  |t 0 
952 f f |p ric  |a Texas A&M University  |b Rellis Campus  |c Joint Library Facility  |d Remote Storage  |t 0  |e KF4750 .P27  |h Library of Congress classification  |i unmediated -- volume  |m A14800666188 
998 f f |a KF4750 .P27  |t 0  |l Remote Storage